Κατάλογος Βιβλιοθηκών Mediterranean College

Financial Accounting (Record no. 2889)

MARC details
000 -LEADER
fixed length control field 01501cam a22002174a 4500
005 - ΗΜΕΡΟΜΗΝΙΑ ΚΑΙ ΩΡΑ ΤΕΛΕΥΤΑΙΑΣ ΕΝΗΜΕΡΩΣΗΣ
Πεδίο ελέγχου 20250605164056.0
008 - FIXED-LENGTH DATA ELEMENTS--GENERAL INFORMATION
Πεδίο ελέγχου σταθερού μήκους 250528s ||||||||||||||||||||||||d
035 ## - SYSTEM CONTROL NUMBER
System control number 17480
020 ## - ISBN
ISBN 72300353
040 ## - ΠΗΓΗ ΚΑΤΑΛΟΓΟΓΡΑΦΗΣΗΣ
Φορέας πρωτότυπης καταλογογράφησης MC Athens Campus Library
Γλώσσα καταλογογράφησης Ελληνικά, Μοντέρνα (1453-)
Modifying agency MC Athens Campus Library
Κανόνες περιγραφικής καταλογογράφησης AACR2
245 1# - ΤΙΤΛΟΣ ΚΑΙ ΔΗΛΩΣΗ ΥΠΕΥΘΥΝΟΤΗΤΑΣ
Τίτλος Financial Accounting
260 ## - PUBLICATION, DISTRIBUTION, ETC.
Name of publisher, distributor, etc. Mcgraw Hill Irwin,
Date of publication, distribution, etc. 2001
300 ## - PHYSICAL DESCRIPTION
Extent 878
520 ## - SUMMARY, ETC.
Summary, etc. Financial Statements and Business Decisions, Investing and Financing Decisions and the Balance Sheet, Operating Decisions and the Income Statement, The Adjustment Process and Financial Statements, Communicating and Interpreting Accounting Information, Reporting and Interpreting Accounting Information, Reporting and Interpreting Sales Revenue and Receivables and Cash, Reporting and Interpreting Cost of Goods Sold and Inventory, Reporting and Interpreting Property and Plant and Equipment; Natural Resources; and Intangibles, Reporting and Interpreting Liabilities, Reporting and Interpreting Bonds, Reporting and Interpreting Owners' Equity, Reporting and Interpreting Investments in Other Corporations, Statement of Cash Flows, Analyzing Financial Statements, Present and Future Value Tables, Ammerican Eagle Outfitters Annual Report, Urban Outfitters Annual Report, Standard and Poor's Industry Ratio Report, The Formal Recordkeeping System, Glossary, Illustration Credits, Index.
700 1# - ΠΡΟΣΘΕΤΗ ΑΝΑΓΡΑΦΗ--ΦΥΣΙΚΟ ΠΡΟΣΩΠΟ
Personal name Libby Patricia
9 (RLIN) 3616
700 1# - ΠΡΟΣΘΕΤΗ ΑΝΑΓΡΑΦΗ--ΦΥΣΙΚΟ ΠΡΟΣΩΠΟ
Personal name Libby Robert
9 (RLIN) 3617
700 1# - ΠΡΟΣΘΕΤΗ ΑΝΑΓΡΑΦΗ--ΦΥΣΙΚΟ ΠΡΟΣΩΠΟ
Personal name Short Daniel G
9 (RLIN) 3618
942 ## - ADDED ENTRY ELEMENTS (KOHA)
Koha item type Books
Holdings
Τύπος τεκμηρίου Βιβλιοθήκη Τρέχουσα τοποθεσία Barcode Αριθμός εισαγωγής Ημερομηνία απόκτησης Ταξιθετικό σύμβολο Αριθμός αντιτύπου Κατάσταση απόσυρσης Κατάσταση χαμένου Κατάσταση κατεστραμμένου Μη δανεισμός Σύνολο δανεισμών Ημερομηνία τελευταίας εμφάνισης Η τιμή ισχύει από
Books MC Athens Campus Library MC Athens Campus Library 9780000028884 5730 05/06/2025 657 LIB 1           05/06/2025 05/06/2025

MC Athens Campus Library
Πατησίων 94 & Κοδριγκτώνος 13, 104 34
Πελλήνης 8 & Πατησίων 107, 112 51
Τ: +30 210 8899600

MC Thessaloniki Campus Library
Ίωνος Δραγούμη 21, 54625 | Ίωνος Δραγούμη 15, 54625
Τ: +30 2310 287779 – Τ: +30 2314 440300